| 000 | 01095nam2a22002291 4500 | ||
|---|---|---|---|
| 001 | rc\2263640 | ||
| 005 | 20250623070932.0 | ||
| 035 | _a(NLR Aleph) 006658491 | ||
| 090 |
_a4869181 _c4869181 |
||
| 100 | _a20110829d1978 |||y0rusy50 ca | ||
| 101 | 0 | _arus | |
| 102 | _aRU | ||
| 105 | _ay z ||||| | ||
| 200 | 0 | _aВып. 1 | |
| 210 |
_d1978 _aБ. м. |
||
| 215 | _a263 с. | ||
| 461 | 0 |
_1001rc\2263639 _12001#$aНекоторые вопросы стратегии и тактики коммунистических партий Западной Европы$eРеф. сб.$f[Редкол.: Верченов Л.Н., к. филос. н. (отв. ред.) и др.]$vВып. 1 _94869174 _cМосква _d1978 _f[Редкол.: Верченов Л.Н., к. филос. н. (отв. ред.) и др.] _nИНИОН _oРеф. сб. _tНекоторые вопросы стратегии и тактики коммунистических партий Западной Европы _vВып. 1 |
|
| 801 | 0 |
_aRU _bNLR _gpsbo |
|
| 801 | 1 |
_aRU _bELAR _2rusmarc |
|
| 852 |
_aNLR _j91-3/8216 |
||
| 942 | _cBOOK | ||
| 980 | _aNB | ||